| 000 | 00586nam a2200181 4500 | ||
|---|---|---|---|
| 001 | 148343 | ||
| 003 | ES-MaACL | ||
| 005 | 20231204174649.0 | ||
| 007 | t| | ||
| 008 | 070214s1932 sp r ||||1| spa d | ||
| 100 | 1 |
_aStrachey, Lytton. _9108356 |
|
| 245 | 1 | 0 |
_aIsabel y Essex _b: historia trágica / _cLytton Strachey ; traducción directa del inglés por José Mª Quiroga Plá. |
| 260 |
_aMadrid : _b[s. n.], _c1932 ( _fBolaños y Aguilar) |
||
| 300 | _a268 p. | ||
| 700 | 1 |
_aQuiroga Plá, José María, _d1902-1955 _994784 |
|
| 852 |
_aES-MaACL _jA-3858 |
||
| 999 |
_c148343 _d148343 |
||